Normal view
MARC view
Entry Personal Name
001 - CONTROL NUMBER
- control field: 40117
003 - CONTROL NUMBER IDENTIFIER
- control field: ARRUPE
005 - DATE AND TIME OF LATEST TRANSACTION
- control field: 20180301155423.0
008 - FIXED-LENGTH DATA ELEMENTS
- fixed length control field: 180301|| aca||aabn | a|a d
040 ## - CATALOGING SOURCE
- Original cataloging agency: ARRUPE
- Transcribing agency: ARRUPE
100 ## - HEADING--PERSONAL NAME
- Personal name: Bryant, Alfred T.
670 ## - SOURCE DATA FOUND
- Source citation: Work cat.: (ARRUPE)65346: Bryant, Alfred T., Olden times in Zululand and Natal:, 1929